| 000 | 00426nam a2200157 4500 | ||
|---|---|---|---|
| 001 | 148462 | ||
| 003 | ES-MaACL | ||
| 005 | 20230906202641.0 | ||
| 007 | t| | ||
| 008 | 070214s1952 xxu r ||||1| eng d | ||
| 100 | 1 |
_aSteinbeck, John ( _d1902-1968) _9108042 |
|
| 245 | 1 | 0 |
_aEast of eden / _cJohn Steinbeck. |
| 260 |
_aNew York : _bBantam Books, _c1952. |
||
| 300 |
_a534 p. ; _c18 cm. |
||
| 852 |
_aES-MaACL _jC-36317 _bR.68310 |
||
| 999 |
_c148462 _d148462 |
||